| 000 | 00648nam a2200217 a 4500 | ||
|---|---|---|---|
| 001 | BRCA_4194 | ||
| 005 | 20190320204559.0 | ||
| 008 | 240510s2009----mx-a######---#000-0#eng-# | ||
| 020 | _a9786077622604 | ||
| 041 | _aengspa | ||
| 044 | _amx | ||
| 050 | 4 |
_aF1226 _b.I43 2009 |
|
| 245 | 1 | 0 | _aImágenes del mexicano. |
| 260 |
_aMéxico _bMuseo Nacional de Arte : INBA : CONACULTA _c2009 |
||
| 300 |
_a461 p. _bil. (algunas a color) _c31 cm. |
||
| 500 | _aIncluye lista catalográfica | ||
| 500 | _aIncluye piezas de la colección Franz Mayer: p. 161 | ||
| 546 | _aTexto en inglés y español | ||
| 651 | 4 |
_aMéxico _xHistoria _9614 |
|
| 942 |
_2lcc _cB |
||
| 999 |
_c3910 _d3910 |
||